| 000 | 00465nam a22001697a 4500 | ||
|---|---|---|---|
| 003 | NUST - PNEC | ||
| 005 | 20170116181054.0 | ||
| 008 | 150930b xxu||||| |||| 00| 0 eng d | ||
| 020 | _a- | ||
| 040 | _cLIBRARY | ||
| 082 | _a658.404 FOB | ||
| 100 |
_911983 _aFaculty of business |
||
| 245 |
_aProject risk and procurement management: study book 1 _cFaculty of business |
||
| 260 | _c- | ||
| 650 |
_911981 _aManagement information system _xMIS |
||
| 942 |
_2ddc _cBK |
||
| 999 |
_c68479 _d68479 |
||